000 00663nam a2200229Ia 4500
001 17111
003 GE_BSU
008 181216s||||||||xx |||||||||||||| ||und||
040 _cGE_BSU
080 _a821.353.1-1
100 _aამაშუკელი, რ. (რეზო)
245 _aზედაზნის მთვარე
245 _bლექსები
245 _cრედ.ლ.არაბიძე
260 _aთბილისი
260 _bმერანი
260 _c1980
300 _a218 გვ. ; 17 სმ.
653 _aზედაზნის მთვარე
653 _aლექსები
942 _cBK
999 _c50173
_d50173